000 00877nam a2200229 a 4500
001 44959
003 BD-RjUL
005 20211209053937.0
008 160721s1964 ii ||||| |||| 00| 0 ben d
020 _c: Tk. 6.50
035 _a(BD-RjUL)45077
040 _aBD-RjUL
_bben
_cBD-RjUL
041 _aben
082 _223
_a891.443
_bSER 1964
100 1 _aসেনগুপ্ত, অচিন্ত্যকুমার
_9116540
245 1 0 _aরত্নাকর গিরিশচন্দ্র /
_cঅচিন্ত্যকুমার সেনগুপ্ত
260 _aকলিকাতা :
_bআনন্দধারা প্রকাশন,
_c১৯৬৪
300 _a[৭], ২০০ পৃ. :
_bচিত্র ;
_c২১ সেমি.
650 _aবাংলা উপন্যাস
_9137789
650 _aBengli Fiction
_9137790
942 _2ddc
_cBK
999 _c44959
_d44959